00282nam a2200097Ia 4500008004100000082002000041100001500061245006500076260003400141300000900175210430s9999 xx 000 0 und d a342.95491K451 C aHamid Khan aConstitutional And Political Histiry of PakistancHamid Khan aNew yorkbAmeena Saiyidc2005 a522p